Statistics for Music - King Crimson albums

Click here to take the quiz!

General Stats

  • This quiz has been taken 231 times
  • The average score is 9 of 14

Answer Stats

HintAnswer% Correct
1969In the Court of the Crimson King
98%
1974Red
89%
1981Discipline
81%
1970In the Wake of Poseidon
76%
1973Larks' Tongues in Aspic
76%
1970Lizard
74%
1974Starless and Bible Black
73%
1971Islands
68%
1982Beat
67%
1984Three of a Perfect Pair
64%
1995THRAK
62%
2003The Power to Believe
47%
2000The ConstruKction of Light
35%
1994VROOOM
21%

Score Distribution

Percentile by Number Answered

Percent of People with Each Score

Your Score History

You have not taken this quiz